Szczegóły MARC21

Fanoturystyka - kibice sportowi w pozytywnym świetle /

003 -Nazwa inst., której nr kontr. jest w polu 001 [,]
    • @
    • Nazwa instytucji, której n kontrolny jest w polu 001
    • NUKAT
005 -DATA I CZAS OSTATNIEJ MODYFIKACJI [,]
    • @
    • pole kontrolne
    • 20241231100114.0
020 -Międzynarod. znormalizowany nr książki - ISBN [ , ]
    • a
    • Numer ISBN
    • 9788391867952 Find
040 -Instytucja sporządzająca opis [ , ]
    • a
    • Instytucja, która sporządziła opis (NP)
    • GD PAN/AP
    • c
    • Instytucja, która sporządziła rekord (NP)
    • GD PAN/AP
    • d
    • Instytucja, która zmodyfikowała rekord (P)
    • GD PAN/ET
    • d
    • Instytucja, która zmodyfikowała rekord (P)
    • WR O/KPKs
    • d
    • Instytucja, która zmodyfikowała rekord (P)
    • GD U/JDs
    • d
    • Instytucja, która zmodyfikowała rekord (P)
    • GD PAN/JMSs
041 -Język dokumentu [0, ]
    • a
    • Język tekstu (P)
    • polski
    • a
    • Język tekstu (P)
    • angielski
    • b
    • Język streszczeń lub abstraktu (P)
    • angielski
942 -Rodzaj dokumentu [ , ]
    • c
    • Rodzaj dokumentu
    • Książka
100 -Hasło główne - nazwa osobowa [1, ]
    • a
    • Nazwa osobowa (NP)
    • Brumm, Karolina.
    • 9
    • KHW
    • 46899
245 -Strefa tytułu i oznaczenia odpowiedzialności [1,0]
    • a
    • Tytuł
    • Fanoturystyka - kibice sportowi w pozytywnym świetle / Find
    • c
    • Pozostałe elementy strefy tytułu i oznaczenia odpowiedzialności (NP)
    • Karolina Brumm.
260 -Strefa adresu wydawniczego [ , ]
    • a
    • Miejsce wydania (P)
    • Poznań :
    • b
    • Nazwa wydawcy (P)
    • K&A K.M.A. Karasiak,
    • c
    • Data wydania (P)
    • 2012.
300 -Strefa opisu fizycznego [ , ]
    • a
    • Określenie formy książki i/lub objętość (NP)
    • 84 s. :
    • b
    • Oznaczenie ilustracji (NP)
    • il. ;
    • c
    • Format (NP)
    • 24 cm.
336 -Typ zawartości [ , ]
    • a
    • Termin opisujący typ zawartości
    • Tekst
    • b
    • Kod określający zawartość
    • txt
    • 2
    • Źródło (terminu i kodu)
    • rdacontent
337 -Typ mediów [ , ]
    • a
    • Tryb odtwarzania
    • Bez urządzenia pośredniczącego
    • b
    • Kod typu mediów
    • n
    • 2
    • Źródło (terminu i kodu)
    • rdamedia
338 -Typ/rodzaj nośnika [ , ]
    • a
    • Hasło opisujące typ nośnika
    • Wolumin
    • b
    • Kod typu nośnika
    • nc
    • 2
    • Źródło (terminu i kodu)
    • rdacarrier
504 -Uwaga dot. bibliogr. załącznikowej [ , ]
    • a
    • Uwaga dot. bibliografii załącznikowej
    • Bibliogr. s. 81-83.
546 -Uwaga dot. języka [ , ]
    • a
    • Uwaga dot. języka
    • Spis treści i streszczenie w jęz. ang.
080 -Uniwersalna Klasyfikacja Dziesiętna [ , ]
    • 2
    • Identyfikator wydania tablic
    • UDC-P058
    • 9
    • UKD
    • 6282
    • a
    • Symbol klasyfikacji
    • 796.032
    • b
    • Dopowiedzenie
    • Ruch olimpijski. Olimpiady. Igrzyska olimpijskie.
080 -Uniwersalna Klasyfikacja Dziesiętna [ , ]
    • 2
    • Identyfikator wydania tablic
    • UDC-P058
    • 9
    • UKD
    • 3269
    • a
    • Symbol klasyfikacji
    • 338.48-52
    • b
    • Dopowiedzenie
    • Turystyka sportowa.
080 -Uniwersalna Klasyfikacja Dziesiętna [ , ]
    • 2
    • Identyfikator wydania tablic
    • UDC-P058
    • 9
    • UKD
    • 6289
    • a
    • Symbol klasyfikacji
    • 796.073
    • b
    • Dopowiedzenie
    • Kibice.
611 -Hasło przedmiotowe w formie nazwy imprezy [2,7]
    • a
    • Nazwa imprezy
    • Igrzyska Olimpijskie
    • n
    • Numer imprezy
    • (29 ;
    • d
    • Data imprezy
    • 2008 ;
    • c
    • Miejsce imprezy
    • Pekin).
    • 2
    • Źródło terminu
    • kaba
    • 9
    • KHW
    • 303609
650 -Hasło przedmiotowe [ ,7]
    • a
    • Hasło przedmiotowe
    • Sport
    • x
    • Określnik rzeczowy
    • publiczność.
    • 2
    • Źródło terminu
    • kaba
    • 9
    • KHW
    • 130664
650 -Hasło przedmiotowe [ ,7]
    • a
    • Hasło przedmiotowe
    • Kibice.
    • 2
    • Źródło terminu
    • kaba
    • 9
    • KHW
    • 114331
650 -Hasło przedmiotowe [ ,7]
    • a
    • Hasło przedmiotowe
    • Fani
    • x
    • Określnik rzeczowy
    • podróże
    • z
    • Określnik geograficzny
    • Chiny
    • y
    • Określnik chronologiczny
    • 1990-.
    • 2
    • Źródło terminu
    • kaba
    • 9
    • KHW
    • 369249
650 -Hasło przedmiotowe [ ,7]
    • a
    • Hasło przedmiotowe
    • Sport i turystyka.
    • 2
    • Źródło terminu
    • kaba
    • 9
    • KHW
    • 221628
980 -Symbol UKD [ , ]
    • a
    • UKD
    • 338.48-52:796.032:796.073
920 -ISBN [ , ]
    • a
    • ISBN
    • 978-83-918679-5-2 Find
Sygnatura Status udost. Lokalizacja Data inwentaryzacji Numer inwentarzowy
Turystyka kwalifikowana 101BM2012-10-16WF.9130